BLACKPINK - Albums par photos - Statistiques

Statistiques générales
  • Ce quiz a été pris 113 fois
    29 depuis la dernière actualisation
  • Le résultat moyen est 6 sur 7
Statistiques - réponses
Par images Réponse % Correct
DEADLINE
96%
SQUARE UP
88%
BORN PINK
80%
KILL THIS LOVE
80%
THE ALBUM
80%
SQUARE TWO
72%
SQUARE ONE
68%
Aucun quiz correspondant
Distribution des résultats
% des personnes avec chaque résultat
Percentile par nombre de réponses
Votre historique - résultats
Vous n’avez pas pris ce quiz depuis la dernière actualisation